| 000 | 02391nam a2200397 a 4500 | ||
|---|---|---|---|
| 999 |
_c9613 _d9613 |
||
| 001 | 9613 | ||
| 003 | BD-JhCC | ||
| 005 | 20180320181708.0 | ||
| 008 | 180320s1983 u ||| b ||0 | eng d | ||
| 035 | _a(BD-JhCC)9613 | ||
| 040 |
_aBD-JhCC _cericd _dBD-JhCC |
||
| 041 | _aeng | ||
| 082 |
_a341.23 _bBAS 1969 |
||
| 091 | _amfm | ||
| 110 | 2 | _aUnited Nations, New York, NY. Office of Public Information. | |
| 245 | 1 | 0 | _aBasic Facts about the United Nations |
| 260 |
_a[Washington, D.C.] : _bDistributed by ERIC Clearinghouse, _c1983. |
||
| 300 |
_a69 p. _c21 cm. |
||
| 500 |
_aAvailability: United Nations Sales Section, New York, NY 10017 ($2.75). _5ericd |
||
| 520 | _aThe work of the United Nations is described in summary form. Material is divided into sections on the origin, programs, purpose, principles, and structure of the United Nations; the United Nations at work for International Peace; the United Nations at Work for Economic and Social Development; The United Nations at Work for Decolonization; the United Nations at Work for Human Rights; the United Nations at Work for International Law; and Intergovernmental Agencies. Each section contains paragraph overviews of relevant issues, developments, and United Nations efforts. For example, the section on international peace contains short descriptions of peace efforts in Afghanistan, Kampuchea, the Middle East, Cyprus, South Asia, the Congo, and Korea as well as discussions on disarmament, outer space, and the law of the sea. The section on international law includes coverage of judicial settlements, codification of international law, and international trade law. Appendices include a list of abbreviations, United Nations membership, United Nations information centers, and additional readings. (LP) | ||
| 650 | 0 | 7 | _aCivil Rights. |
| 650 | 0 | 7 | _aEconomic Development. |
| 650 | 0 | 7 | _aHuman Relations. |
| 650 | 0 | 7 | _aInternational Law. |
| 650 | 1 | 7 | _aInternational Relations. |
| 650 | 0 | 7 | _aPeace. |
| 650 | 0 | 7 | _aSocial Development. |
| 650 | 1 | 7 | _aWorld Affairs. |
| 650 | 1 | 7 | _aWorld Problems. |
| 653 | 1 | _aUnited Nations | |
| 655 | 7 |
_aGuides, Classroom _xLearner. _2ericd |
|
| 655 | 7 |
_aGuides, Classroom _xTeacher. _2ericd |
|
| 710 | 2 | _aUnited Nations, New York, NY. Office of Public Information. | |
| 942 |
_2ddc _cBK |
||